| 000 | 01043nam a22002895a 4500 | ||
|---|---|---|---|
| 003 | EG-ScBUE | ||
| 005 | 20220803092912.0 | ||
| 008 | 160224q2015 ua f 000 0 mul d | ||
| 040 |
_aEG-ScBUE _beng _erda _cEG-ScBUE _dEG-ScBUE |
||
| 041 | 0 |
_aeng _aara |
|
| 082 | 0 | 4 |
_a428.02927 _bENA _222 |
| 100 | 1 |
_aEnami, M. M., _eauthor. _939432 |
|
| 245 | 1 | 0 |
_aGraduated exercises in translation from Arabic into English / _cby M. M. Enani, professor of English, The University of Cairo. |
| 264 | 1 |
_a[Cairo] : _bThe Anglo Egyptian Bookshop, _c[2015?] |
|
| 300 |
_a236 pages ; _c24 cm |
||
| 336 |
_2rdacontent _atext _btxt |
||
| 337 |
_2rdamedia _aunmediated _bn |
||
| 338 |
_2rdacarrier _avolume _bnc |
||
| 546 | _aText in English and Arabic. | ||
| 650 | 7 |
_aEnglish language _xTranslating into Arabic. _2BUEsh |
|
| 650 | 7 |
_aArabic language _xTranslating into English. _2BUEsh |
|
| 650 | 7 |
_aEnglish language _xComposition and exercises. _2BUEsh |
|
| 651 | _2BUEsh | ||
| 653 |
_cFebruary2016 _bHHUUEENN |
||
| 655 |
_vReading book _934232 |
||
| 942 |
_2ddc _cBB |
||
| 999 |
_c21234 _d21206 |
||